01369 a2200205 45000010003000000050017000030080041000200030015000610400040000760800033001162450029001490200022001782500011002002640032002113000023002435050821002661000021010877000028011087000027011361020260407155401.0260407a2005 arg spa dAR-UNSa-BCEJYS aAR-UNSa-BCEJYSbspacAR-UNSa-BCEJYS a330.101.542xMicroeconomía10aMicroeconomia y conducta a978-84-481-9848-0 a5a. ed 1aMadrid :bMcGraw-Hillc2005 axxx, 649 p.c25 cm a1. Pensar como un economista - 2. La oferta y la demanda - 3. La elección racional del consumidor - 4. La demanda del consumidor y del mercado - 5. Aplicaciones de las teorías de la elección racional y de la demanda - 6. La economía de la informcaión y la elección en condiciones de incertidumbre - 7. Explicación de los gustos: la importancia del altruismo y de otros tipos de conducta interesada - 8. Limitaciones cognoscitivas y conducta del consumidor - 9. La producción - 10. Los costes - 11. La competencia perfecta - 12. El monopolio - 13. La competencia imperfecta: un enfoque basado en la teoría de los juegos - 14. El trabajo - 15. El capital - 16. El equilibrio general y la eficiencia del mercado - 17. Las externalidades, los derechos de propiedad y el teorema de Coase - 18. El estado1 aFrank, Robert H.1 aRabasco, María Esther1 aToharia Cortés, Luis